The microbiology of the atmosphere / (Record no. 12481)
[ view plain ]
| 000 -LEADER | |
|---|---|
| fixed length control field | 00747nam a2200241 a 4500 |
| 001 - CONTROL NUMBER | |
| control field | 12481 |
| 003 - CONTROL NUMBER IDENTIFIER | |
| rucl marc code | BD-RjUL |
| 005 - DATE AND TIME OF LATEST TRANSACTION | |
| control field | 20211208235313.0 |
| 008 - FIXED-LENGTH DATA ELEMENTS--GENERAL INFORMATION | |
| fixed length control field | 140129s1961 enka b 001 0 eng d |
| 035 ## - SYSTEM CONTROL NUMBER | |
| System control number | (BD-RjUL)12530 |
| 040 ## - CATALOGING SOURCE | |
| Original cataloging agency | VCAV |
| Language of cataloging | eng |
| Transcribing agency | VCAV |
| Modifying agency | VIT |
| -- | BD-RjUL |
| 041 ## - LANGUAGE CODE | |
| Language code of text/sound track or separate title | eng |
| 082 04 - DEWEY DECIMAL CLASSIFICATION NUMBER | |
| Classification number | 579.17 |
| Edition number | 19 |
| Author mark and year | GRM 1961 |
| 100 1# - MAIN ENTRY--PERSONAL NAME | |
| Personal name | Gregory, P. H., |
| Fuller form of name | (Philip Herries), |
| Dates associated with a name | 1907- |
| 9 (RLIN) | 38845 |
| 245 14 - TITLE STATEMENT | |
| Title | The microbiology of the atmosphere / |
| Statement of responsibility, etc. | by P.H. Gregory. |
| 260 ## - PUBLICATION, DISTRIBUTION, ETC. (IMPRINT) | |
| Place of publication, distribution, etc. | London : |
| Name of publisher, distributor, etc. | Leonard Hill, |
| Date of publication, distribution, etc. | 1961. |
| 300 ## - PHYSICAL DESCRIPTION | |
| Pagination | xv, 251 p. : |
| Illustrations | ill. (part col.) ; |
| Size | 26 cm. |
| 504 ## - BIBLIOGRAPHY, ETC. NOTE | |
| Bibliography, etc | Includes bibliography and index. |
| 650 #0 - SUBJECT ADDED ENTRY--TOPICAL TERM | |
| Topical term or geographic name as entry element | Air |
| General subdivision | Microbiology |
| 9 (RLIN) | 38847 |
| Topical term or geographic name as entry element | Palynology. |
| 9 (RLIN) | 35633 |
| 942 ## - ADDED ENTRY ELEMENTS (KOHA) | |
| Source of classification or shelving scheme | Dewey Decimal Classification |
| Koha item type | Books |
| Lost status | Source of classification or shelving scheme | Damaged status | Not for loan | Collection code | Permanent Location | Current Location | Shelving location | Date acquired | Source of acquisition | Cost, normal purchase price | Total Checkouts | Full call number | Date last seen | Copy number | Koha item type |
|---|---|---|---|---|---|---|---|---|---|---|---|---|---|---|---|
| Dewey Decimal Classification | Not For Loan | Non-fiction | Central Library, University of Rajshahi | Central Library, University of Rajshahi | Reading Room | 17/08/1987 | Book review, | 66.00 | 579.17 GRM 1961 | 29/01/2014 | C-1 | Books |